[Event "Krasnodar"]
[Site "Krasnodar"]
[Date "1998.??.??"]
[Round "5"]
[White "Brodsky, Michail"]
[Black "Nadyrhanov, S."]
[Result "1/2-1/2"]
[WhiteElo "2545"]
[BlackElo "2480"]

1.e4 c5 2.Nf3 d6 3.d4 cxd4 4.Nxd4 Nf6 5.Nc3 Nc6 6.Bg5 e6 7.Qd2 Be7 8.O-O-O Nxd4
9.Qxd4 a6 10.f4 b5 11.Bxf6 gxf6 12.Be2 Qc7 13.Bf3 Bb7 14.Kb1 Rc8 15.Rhe1 Qc5
16.Qd2 O-O 17.Re3 Rfd8 18.Rd3 b4 19.Ne2 a5 20.Ng3 Ba6 21.Rd4 f5 22.Be2 Bxe2
23.Qxe2 fxe4 24.Nxe4 Qc7 25.Ng5 h6 26.Nf3 Bf6 27.R4d3 Qc4 28.Qd2 Rc5 29.b3 Qe4
30.Re1 Qh7 31.Re2 Rdc8 32.Nd4 Rd5 33.Qd1 Rc3 34.Red2 Rxd3 35.Rxd3 Qe4 36.Nf3 Rxd3
37.cxd3 Qxf4 38.Qe2 Qf5 39.Kc2 Qc5+ 40.Kd1 Qc3 41.Qc2 Qa1+ 42.Ke2 Bc3 43.h3 d5
44.Ke3 Kg7 45.Kf4 Qb2 46.Qxb2 Bxb2 47.g4 Kf6 48.Ke3 Ke7 49.Kd2 Bf6 50.d4 Bg5+
51.Ke2 f6 52.h4 Bf4 53.h5 Bg3 54.Kf1 e5 55.Kg2 Bf4 56.Nh4 Ke6 57.Kf3 Bc1
58.Nf5 Bg5 59.Ng7+ Kd7 60.Nf5 exd4 61.Nxd4 Kd6 62.Nf5+ Ke5 63.Ne7 d4 64.Nc6+ Kd5
65.Nxa5 d3 66.Kf2 Kd4 67.Ke1 Kc3 68.Kd1 Kb2 69.Nc6 Ka3 70.Ke1 Be3 71.Kd1 Bc5
72.Kd2 Kxa2 73.Na5 Bb6 74.Nc4 Bc7 75.Kxd3 Kxb3 76.Nd2+ Kb2  1/2-1/2

[Event "RUS-Cup"]
[Site "Krasnoiarsk"]
[Date "1998.??.??"]
[Round "2"]
[White "Dvoirys, Semen I"]
[Black "Prokopchuk, Evgeny"]
[Result "1/2-1/2"]
[WhiteElo "2585"]
[BlackElo "2500"]

1.e4 c5 2.Nf3 d6 3.d4 cxd4 4.Nxd4 Nf6 5.Nc3 Nc6 6.Bg5 e6 7.Qd2 a6 8.O-O-O h6
9.Be3 Be7 10.f4 Nxd4 11.Bxd4 b5 12.Qe3 Qc7 13.e5 dxe5 14.fxe5 Nd7 15.Ne4 Bb7
16.Nd6+ Qxd6 17.exd6 Bg5 18.Qxg5 hxg5 19.Bxg7 Rh4 20.Re1 Rc8 21.h3 Bd5 22.Bc3 Nc5
23.Rh2 Ne4 24.Be5 f6 25.g3 Rh6 26.Bg2 f5 27.h4 Kd7 28.Bf3 Rc5 29.Bd4 Rc4
30.Bg7 Rh7 31.b3 Rc6 32.Be5 Nxd6 33.Bxd5 exd5 34.Bxd6 Kxd6 35.Re8 Kc5 36.Re5 gxh4
37.gxh4 Rch6 38.Rxf5 Rxh4 39.Rd2 Rd7 40.Rf6 Rd6  1/2-1/2

[Event "RUS-Cup"]
[Site "Krasnoiarsk"]
[Date "1998.??.??"]
[Round "3"]
[White "Galkin, Alexander"]
[Black "Iskusnyh, Sergei"]
[Result "1/2-1/2"]
[WhiteElo "2565"]
[BlackElo "2455"]

1.e4 c5 2.Nf3 Nc6 3.d4 cxd4 4.Nxd4 Nf6 5.Nc3 d6 6.Bg5 e6 7.Qd2 Be7 8.O-O-O O-O
9.f4 Nxd4 10.Qxd4 Qa5 11.Bc4 Bd7 12.e5 dxe5 13.fxe5 Bc6 14.Bd2 Bc5 15.Qh4 Nd7
16.Nd5  1/2-1/2

[Event "Leon op"]
[Site "Leon"]
[Date "1998.??.??"]
[Round "5"]
[White "Korneev, Oleg"]
[Black "Garcia Ilundain, David"]
[Result "1-0"]
[WhiteElo "2560"]
[BlackElo "2495"]

1.e4 c5 2.Nf3 d6 3.d4 cxd4 4.Nxd4 Nf6 5.Nc3 Nc6 6.Bg5 e6 7.Qd2 a6 8.O-O-O Nxd4
9.Qxd4 Be7 10.Kb1 Bd7 11.f3 Bc6 12.h4 h6 13.Bc1 h5 14.Bg5 Qa5 15.Bc4 Qc5
16.Qd3 Nd7 17.Bxe7 Kxe7 18.Bb3 Rhd8 19.Rhe1 a5 20.a3 b5 21.f4 b4 22.Nd5+ Kf8
23.Nc7 Ra7 24.Na6 Rxa6 25.Qxa6 bxa3 26.Qd3 Ke7 27.e5 d5 28.c4 Nb6 29.cxd5 Nxd5
30.Bxd5 a2+ 31.Ka1 Bxd5 32.Rc1 Qb6 33.Qa3+ Ke8 34.Re3 Qb4 35.g3 f6 36.exf6 gxf6
37.Qd3 Rb8 38.Qg6+ Ke7 39.Qg7+ Ke8  1-0

[Event "Ljubljana op"]
[Site "Ljubljana"]
[Date "1998.??.??"]
[Round "1"]
[White "Mazi, Leon"]
[Black "Stipandic, Marko"]
[Result "1-0"]
[WhiteElo "2420"]
[BlackElo "1910"]

1.e4 c5 2.Nf3 Nc6 3.d4 cxd4 4.Nxd4 Nf6 5.Nc3 d6 6.Bg5 Qa5 7.Bxf6 gxf6 8.Nb3 Qd8
9.Qh5 a6 10.O-O-O Ne5 11.h3 b5 12.f4 Ng6 13.g3 e5 14.f5 Ne7 15.Rh2 b4 16.Nb1 Qc7
17.N1d2 d5 18.exd5 Nxf5 19.Ne4 Be7 20.d6 Nxd6 21.Rxd6 Bxd6 22.Nxf6+ Kd8 23.Rd2 Bb7
24.Qxe5 Kc8 25.Rxd6 Rd8 26.Qf5+ Kb8 27.Nd7+ Rxd7 28.Qxd7  1-0

[Event "Ljubljana op"]
[Site "Ljubljana"]
[Date "1998.??.??"]
[Round "3"]
[White "Delchev, Aleksander"]
[Black "Podvrsnik, Marko"]
[Result "1-0"]
[WhiteElo "2545"]
[BlackElo "2205"]

1.e4 c5 2.Nf3 d6 3.d4 cxd4 4.Nxd4 Nf6 5.Nc3 Nc6 6.Bg5 e6 7.Qd2 Be7 8.O-O-O O-O
9.Nb3 a6 10.Bxf6 gxf6 11.Qh6 Kh8 12.Qh5 Qe8 13.f4 Rg8 14.Bd3 Rg7 15.g4 b5
16.h4 b4 17.Ne2 a5 18.Nbd4 Nxd4 19.Nxd4 a4 20.g5 Ra5 21.Rdg1 Bd7 22.f5 Qg8
23.Rf1 e5 24.Ne2 a3 25.b3 Bb5 26.Qf3 Qc8 27.Rd1 Bxd3 28.Rxd3 Rc5 29.c4 bxc3
30.gxf6 Bxf6 31.Rxd6 Rc6 32.Rxc6 Qxc6 33.Kc2 Rg8 34.Rd1 Bxh4 35.Rd5 f6 36.Qd3 Qb6
37.Qf3 Qf2 38.Qxf2 Bxf2 39.Nxc3 h5 40.Rd3 Kh7 41.Nd5 Rc8+ 42.Kd1 Kh6 43.Nxf6 Kg5
44.Nd5 h4 45.f6 Kg4 46.f7 h3 47.Nf6+ Kh4 48.Rxh3+ Kxh3 49.Nd7 Kg3 50.b4 Be3
51.f8=Q Rxf8 52.Nxf8 Kf3 53.Nd7 Kxe4 54.b5 Kd5 55.b6 e4 56.b7 Bf4 57.b8=Q Bxb8
58.Nxb8 Kc4 59.Kc2 e3 60.Nc6 e2 61.Kd2 e1=Q+ 62.Kxe1 Kc3 63.Kd1 Kb2 64.Kd2 Kxa2
65.Kc2 Ka1 66.Nd4 Ka2 67.Ne2 Ka1 68.Nc1  1-0

[Event "Malmo"]
[Site "Malmo"]
[Date "1998.??.??"]
[Round "4"]
[White "Hitzgerova, Gabriela"]
[Black "Almstrom, Martin"]
[Result "1-0"]
[WhiteElo "2170"]
[BlackElo "2195"]

1.e4 c5 2.Nf3 Nc6 3.d4 cxd4 4.Nxd4 Nf6 5.Nc3 d6 6.Bg5 e6 7.Qd2 a6 8.O-O-O h6
9.Be3 Be7 10.f3 Nxd4 11.Qxd4 e5 12.Qd2 Be6 13.Kb1 b5 14.g4 Rb8 15.Rg1 b4
16.Nd5 Bxd5 17.exd5 a5 18.h4 Nd7 19.g5 hxg5 20.hxg5 Qc7 21.Bd3 a4 22.g6 f6
23.Rh1 Rg8 24.Bf5 Nf8 25.Rh4 Qb7 26.Rdh1 Qb5 27.Qd1 b3 28.cxb3 axb3 29.a3 Qa5
30.Qd3 Kd8 31.Qc4 Qb5 32.Qxb5 Rxb5 33.Rc4 Nd7 34.Be6 Rf8 35.Rh7 f5 36.Rxg7 f4
37.Bf2 Nc5 38.Bxc5 dxc5 39.Rh7 Re8 40.g7  1-0

[Event "RUS-Cup02"]
[Site "Moscow"]
[Date "1998.??.??"]
[Round "1"]
[White "Belov, Vladimir"]
[Black "Belikov, Vladimir"]
[Result "0-1"]
[WhiteElo "2280"]
[BlackElo "2520"]

1.e4 c5 2.Nf3 Nc6 3.d4 cxd4 4.Nxd4 Nf6 5.Nc3 d6 6.Bg5 Qb6 7.Ndb5 a6 8.Bxf6 gxf6
9.Nd5 Qa5+ 10.Nbc3 f5 11.Bc4 Bg7 12.O-O Be6 13.Qh5 Bxc3 14.bxc3 fxe4 15.Nc7+ Qxc7
16.Bxe6 Nd8 17.Bd5 Qxc3 18.Bxe4 Rc8 19.Rab1 Rc5 20.Qh6 d5 21.Bd3 Rc6 22.Qg5 Rd6
23.Rfe1 Qf6 24.Qg3 Kf8 25.c4 Rg8 26.Qh3 dxc4 27.Bxc4 b5 28.Bd3 h6 29.a4 Ne6
30.Bh7 Rg7 31.Be4 Rg5 32.axb5 axb5 33.Qe3 Nf4 34.h4 Re5 35.Qg3 Rde6 36.Ra1 Ng6
37.Ra8+ Kg7 38.h5 Rxe4 39.Rxe4 Rxe4 40.hxg6 Qxg6 41.Qb8 Re1+ 42.Kh2 Qh5+
43.Kg3 Qg5+ 44.Kf3 Qd5+ 45.Kg3 Qe5+  0-1

[Event "Moscow-ch op"]
[Site "Moscow"]
[Date "1998.??.??"]
[Round "4"]
[White "Belov, Vladimir"]
[Black "Lastin, Alexander"]
[Result "1/2-1/2"]
[WhiteElo "2280"]
[BlackElo "2535"]

1.e4 c5 2.Nf3 d6 3.d4 cxd4 4.Nxd4 Nf6 5.Nc3 Nc6 6.Bg5 e6 7.Qd2 a6 8.O-O-O Bd7
9.f4 Be7 10.Nf3 b5 11.Bxf6 gxf6 12.Kb1 Qb6 13.g3 b4 14.Ne2 a5 15.f5 Ne5 16.Nxe5 fxe5
17.Bh3 exf5 18.Bxf5 Bxf5 19.exf5 Rc8 20.g4 Rg8 21.h3 a4 22.Qd5 Qc6 23.Qxc6+ Rxc6
24.c3 b3 25.Ng3 bxa2+ 26.Kxa2 Kd7 27.Ne4  1/2-1/2

[Event "RUS-Cup02"]
[Site "Moscow"]
[Date "1998.??.??"]
[Round "5"]
[White "Odeev, Handszar"]
[Black "Loginov, Anton"]
[Result "1/2-1/2"]
[WhiteElo "2430"]
[BlackElo "2250"]

1.e4 c5 2.Nf3 Nc6 3.d4 cxd4 4.Nxd4 Nf6 5.Nc3 d6 6.Bg5 Bd7 7.Qd2 a6 8.Be2 b5
9.Bxf6 gxf6 10.O-O e6 11.Rad1 Qb6 12.Nxc6 Bxc6 13.Qf4 Be7 14.a3 Qc5 15.Rfe1 Qg5
16.Qf3 h5 17.Bf1 Kf8 18.Qh3 Qg4 19.Qe3 Qg5 20.Qe2 h4 21.Nd5 Bd8 22.Nb4 Be8
23.Rxd6 a5 24.Na6 Be7 25.Rb6 Bd8 26.Rd6 Be7 27.Qd3 Qe5 28.Rb6 Rd8 29.Qc3 Qxc3
30.bxc3 Bxa3 31.Bxb5 Rd6 32.Rb8 Kg7 33.Bd3 Rc6 34.Ra1 Rxc3 35.Rb3 Rxb3 36.cxb3 Bb4
37.Nxb4 axb4  1/2-1/2

[Event "Moscow-ch op"]
[Site "Moscow"]
[Date "1998.??.??"]
[Round "6"]
[White "Evelev, Vladimir M"]
[Black "Baikov, Vladimir A"]
[Result "1/2-1/2"]
[WhiteElo "2220"]
[BlackElo "2400"]

1.e4 c5 2.Nf3 d6 3.d4 cxd4 4.Nxd4 Nf6 5.Nc3 Nc6 6.Bg5 e6 7.Qd2 Be7 8.O-O-O O-O
9.f4 h6 10.Bh4 e5 11.Nf5 Bxf5 12.exf5 exf4 13.Kb1 d5 14.Bxf6 Bxf6 15.Nxd5 Be5
16.c3 Qg5 17.Bd3 Rfd8 18.Be4 Rd6 19.Qe2 Re8 20.h4 Qd8 21.Qg4 Qd7 22.Rh3 Ne7
23.Rhd3 Nxd5 24.Bxd5 Rd8 25.c4 Qe7 26.c5 R6d7 27.f6 Qxf6 28.Bxf7+ Rxf7 29.Rxd8+ Kh7
30.h5 Qf5+ 31.Qxf5+ Rxf5 32.R8d5 Rxh5 33.Re1 Bc3 34.Rxh5 Bxe1 35.Re5 Bf2
36.b4 Kg6 37.Re7 h5 38.Rxb7 h4 39.Rd7 f3 40.gxf3 h3 41.Rd1 h2 42.Rh1 Bg3
43.Kc2 Kg5 44.Kd3 Kh4 45.b5 Kh3 46.b6 axb6 47.cxb6 Bf2 48.b7 Ba7 49.Ke4 Kg2
50.Rxh2+ Kxh2 51.Kf5 Kg3 52.Kg6 Kxf3 53.Kxg7  1/2-1/2

[Event "Moscow Kasparov Cup"]
[Site "Moscow"]
[Date "1998.??.??"]
[Round "6"]
[White "Perunovic, Milos"]
[Black "Izoria, Zviad"]
[Result "1-0"]
[WhiteElo "2240"]
[BlackElo "2270"]

1.e4 c5 2.Nf3 Nc6 3.d4 cxd4 4.Nxd4 Nf6 5.Nc3 d6 6.Bg5 e6 7.Qd2 a6 8.O-O-O Nxd4
9.Qxd4 Be7 10.f4 b5 11.Bxf6 gxf6 12.f5 Qc7 13.Be2 Qc5 14.fxe6 fxe6 15.Qxc5 dxc5
16.Bh5+ Kf8 17.e5 f5 18.g4 b4 19.Ne2 Bg5+ 20.Kb1 Ke7 21.gxf5 exf5 22.Rhg1 Bh6
23.Bf3 Rb8 24.Rd6 Be6 25.Bd5 Bxd5 26.Rxh6 Rbg8 27.Rg3 Rg4 28.Rf6 Re4 29.Rg7+ Ke8
30.Rb6 Kf8 31.Rc7 Bf7 32.Nc1 Rxe5 33.Nd3 Re6 34.Rb8+ Be8 35.b3 Rg8 36.Rxc5 Rg1+
37.Kb2 Rf1 38.Rxb4 Re2 39.h4 Bd7 40.Rd4 Bb5 41.Nf4 Ree1 42.Rxf5+ Ke7 43.Rh5 Kf6
44.Nd5+ Kg6 45.Rg5+ Kf7 46.Nc7 Be2 47.Rd7+ Kf6 48.Rxh7 Bf3 49.Rh6+  1-0

[Event "EU-ch U16 Girls"]
[Site "Murek"]
[Date "1998.??.??"]
[Round "2"]
[White "Gara, Anita"]
[Black "Gasparian, Narine"]
[Result "1-0"]
[WhiteElo "2290"]
[BlackElo "2070"]

1.e4 c5 2.Nf3 d6 3.d4 cxd4 4.Nxd4 Nf6 5.Nc3 Nc6 6.Bg5 e6 7.Qd2 a6 8.O-O-O Be7
9.f4 O-O 10.Bc4 Qc7 11.Nxc6 Qxc6 12.Bb3 Rd8 13.Qe2 Qc7 14.Kb1 b5 15.e5 Ne8
16.exd6 Nxd6 17.Nd5 exd5 18.Bxe7 Bf5 19.Bxd8 Rxd8 20.Rxd5 Be4 21.Re5 Qc6
22.Rd1 Bxg2 23.Rxd6 Qxd6 24.Re8+ Rxe8 25.Qxe8+  1-0

[Event "EU-ch U16"]
[Site "Murek"]
[Date "1998.??.??"]
[Round "4"]
[White "Langheinrich, Ferenc"]
[Black "Sargissian, Gabriel"]
[Result "0-1"]
[WhiteElo "2245"]
[BlackElo "2290"]

1.e4 c5 2.Nf3 d6 3.d4 cxd4 4.Nxd4 Nf6 5.Nc3 Nc6 6.Bg5 e6 7.Qd2 Be7 8.O-O-O O-O
9.h4 Qb6 10.Nb3 Rd8 11.Qe2 Qc7 12.f4 a6 13.h5 b5 14.h6 g6 15.a3 Bb7 16.f5 Ne5
17.fxe6 fxe6 18.Nd4 Bc8 19.g3 Nf7 20.Bxf6 Bxf6 21.Bh3 Ng5 22.Bg4 Qc5 23.e5 dxe5
24.Nb3 Rxd1+ 25.Rxd1 Qe7 26.Ne4 Nxe4 27.Qxe4 Ra7 28.Qc6 Rc7 29.Qb6 Bg5+ 30.Kb1 Bxh6
31.Rd6 Bf8 32.Rd1 Kg7 33.c3 h5 34.Bh3 Rd7 35.Rf1 Qd8 36.Qxd8 Rxd8 37.Kc2 Bb7
38.Nd2 Bd5 39.Re1 Bd6 40.b3 Kf6 41.b4 Rc8 42.Kd3 Ke7 43.Ne4 Ra8 44.a4 Bc4+
45.Kc2 a5 46.Rd1 Bc7 47.Nc5 Rd8 48.Rxd8 Bxd8 49.axb5 axb4 50.cxb4 Bb6 51.Na4 Bf2
52.b6 Bxg3 53.Kc3 Bd5 54.Nc5 g5 55.Bxe6 Bxe6 56.Ne4 Be1+ 57.Kd3 Bd5 58.Nc3 Bxc3  0-1

[Event "EU-ch U14 Girls"]
[Site "Murek"]
[Date "1998.??.??"]
[Round "4"]
[White "Berzina, Ilze"]
[Black "Gara, Ticia"]
[Result "1/2-1/2"]
[WhiteElo "2100"]
[BlackElo "2245"]

1.e4 c5 2.Nf3 d6 3.d4 cxd4 4.Nxd4 Nf6 5.Nc3 Nc6 6.Bg5 e6 7.Bb5 Bd7 8.Bxc6 bxc6
9.Qf3 c5 10.Nb3 Be7 11.e5 dxe5 12.Bxf6 gxf6 13.O-O-O Rc8 14.Nd2 O-O 15.Nc4 Kh8
16.Rd3 Qc7 17.Rhd1 Rcd8 18.Qh5 Rg8 19.Qxf7 Rg7 20.Qh5 Bc6 21.Rxd8+ Bxd8 22.Nd6 Qe7
23.Nf7+ Rxf7 24.Rxd8+ Rf8 25.Rxf8+ Qxf8 26.g3 Kg7 27.Qe2 Qe7 28.Qe3 Qd6 29.Ne4 Bxe4
30.Qxe4 Qa6 31.Qe3 c4 32.Qa3 Qb7 33.Qe3 Qa6 34.Qa3 Qb7 35.f3 Qb6 36.Qe7+ Kg6
37.Qe8+ Kg7 38.Qe7+ Kg6 39.Qe8+ Kg7  1/2-1/2

[Event "EU-ch U14"]
[Site "Murek"]
[Date "1998.??.??"]
[Round "5"]
[White "Efimenko, Zahar"]
[Black "Pavlovic, Milos2"]
[Result "1-0"]
[WhiteElo "2330"]
[BlackElo "2205"]

1.e4 c5 2.Nf3 d6 3.d4 cxd4 4.Nxd4 Nf6 5.Nc3 Nc6 6.Bg5 e6 7.Qd2 a6 8.O-O-O h6
9.Be3 Nxd4 10.Bxd4 b5 11.Bd3 b4 12.Na4 Rb8 13.Qe3 Ng4 14.Qg3 e5 15.h3 exd4
16.hxg4 Qg5+ 17.Kb1 Qxg4 18.Qxg4 Bxg4 19.f3 Bd7 20.b3 Bxa4 21.bxa4 g5 22.Bxa6 Bg7
23.Rd3 Ke7 24.Rb3 d5 25.Bd3 dxe4 26.Bxe4 Rhc8 27.a5 f5 28.Bd3 Kf6 29.Ba6 Bf8
30.g4 fxg4 31.fxg4 Re8 32.Rf1+ Kg7 33.Bc4 Re7 34.Rbf3 Rd8 35.Rf7+ Rxf7 36.Rxf7+ Kg6
37.Rxf8 Rxf8 38.Bd5 b3 39.axb3  1-0

[Event "EU-ch U16"]
[Site "Murek"]
[Date "1998.??.??"]
[Round "7"]
[White "Pecnik, Leo"]
[Black "Templier, Nicolas"]
[Result "1-0"]
[WhiteElo "2200"]
[BlackElo "2145"]

1.e4 c5 2.Nf3 Nc6 3.d4 cxd4 4.Nxd4 Nf6 5.Nc3 d6 6.Bg5 e6 7.Qd2 Be7 8.O-O-O Nxd4
9.Qxd4 O-O 10.f3 a6 11.g4 b5 12.Kb1 Rb8 13.h4 b4 14.Ne2 Bb7 15.Qf2 a5 16.Be3 a4
17.Nd4 a3 18.g5 Nd7 19.g6 axb2 20.gxf7+ Rxf7 21.Nxe6 Qa5 22.Bc4 Ra8 23.Ng5 Ne5
24.Bb3 Bc6 25.Nxf7 Ba4 26.Bd5 Bc6 27.Nh6+ Kh8 28.Qd2 Bf6 29.f4 Nf3 30.Nf7+ Kg8
31.Ng5+ Kh8 32.Nxf3 Bc3 33.Qd3 Bb5 34.Bc4 b3 35.Bxb3 Bxd3 36.Rxd3 h6 37.Nd4 Re8
38.Nc6 Qb5 39.Rxc3 Rxe4 40.Kxb2 Rxe3 41.Rxe3 Qxc6 42.Rhe1 Qc5 43.h5 d5 44.Re8+ Kh7
45.Rd8 Qd4+ 46.c3  1-0

[Event "EU-ch U14"]
[Site "Murek"]
[Date "1998.??.??"]
[Round "8"]
[White "Stojanovski, Dejan"]
[Black "Werle, Jan"]
[Result "1-0"]
[WhiteElo "2235"]
[BlackElo "2190"]

1.e4 c5 2.Nf3 d6 3.d4 cxd4 4.Nxd4 Nf6 5.Nc3 Nc6 6.Bg5 e6 7.Qd3 a6 8.O-O-O h6
9.Nxc6 bxc6 10.Bf4 d5 11.Be2 Bb4 12.a3 Ba5 13.Qg3 Bxc3 14.Qxc3 O-O 15.e5 Qc7
16.Qe3 Nd7 17.Qg3 Bb7 18.Bd3 Rfd8 19.Bxh6 Qxe5 20.f4 Qd4 21.c3  1-0

[Event "EU-ch U16"]
[Site "Murek"]
[Date "1998.??.??"]
[Round "9"]
[White "El Kher, Henrik"]
[Black "Langheinrich, Ferenc"]
[Result "1/2-1/2"]
[WhiteElo "2365"]
[BlackElo "2245"]

1.e4 c5 2.Nf3 d6 3.d4 cxd4 4.Nxd4 Nf6 5.Nc3 Nc6 6.Bg5 e6 7.Qd2 a6 8.O-O-O Bd7
9.f4 h6 10.Bh4 g5 11.fxg5 Ng4 12.Nxc6 Bxc6 13.Qf4 hxg5 14.Bxg5 Qxg5 15.Qxg5 Bh6
16.Qxh6 Rxh6 17.Rxd6 Nf2 18.Rg1 Rxh2 19.Be2 Ke7 20.Rd4 Rg8 21.Bf3 f5 22.Re1 fxe4
23.Nxe4 Nxe4 24.Bxe4 Bxe4 25.Rdxe4 Rgxg2 26.Rxe6+ Kd7 27.Re7+ Kc8 28.Re8+ Kc7
29.Kb1 Rxc2 30.Rc1 Rxc1+ 31.Kxc1  1/2-1/2

[Event "Naantali op"]
[Site "Naantali"]
[Date "1998.??.??"]
[Round "?"]
[White "Sorsa, Nuutti"]
[Black "Veingold, Aleksandr"]
[Result "0-1"]
[WhiteElo "2250"]
[BlackElo "2475"]

1.e4 c5 2.Nf3 Nc6 3.d4 cxd4 4.Nxd4 Nf6 5.Nc3 d6 6.Bg5 e6 7.Qd2 a6 8.O-O-O Bd7
9.f3 h6 10.Be3 Qc7 11.g4 Ne5 12.Kb1 b5 13.Bd3 b4 14.Nce2 d5 15.Bf4 dxe4 16.Bxe4 Nxe4
17.fxe4 Rc8 18.b3 f6 19.h4 Qb7 20.Bxe5 fxe5 21.Nf3 Bc6 22.Ng3 Qc7 23.g5 Be7
24.Qg2 a5 25.Rhe1 hxg5 26.hxg5 a4 27.Rh1 Rf8 28.Rc1 Bb5 29.Nh5 Rg8 30.Qg4 Bd7
31.Nd2 Qc3 32.Nc4 Rxc4 33.Rh3 Qd4 34.bxc4 a3 35.Rb3 Qxc4 36.Qf3 Ba4 37.Qd3 Bxb3
38.axb3 Qxd3 39.cxd3 Kd7 40.Ka2 Bxg5 41.Rc4 Kd6 42.Rxb4 Ra8 43.Rb6+ Kc5 44.Rxe6 Bc1
45.Rxe5+ Kb4 46.Nxg7 Rc8 47.Re8 Rc2+ 48.Kb1 a2+ 49.Ka1 Bd2  0-1

[Event "Naantali op"]
[Site "Naantali"]
[Date "1998.??.??"]
[Round "?"]
[White "Holmsten, Aleksei"]
[Black "Veingold, Aleksandr"]
[Result "1/2-1/2"]
[WhiteElo "2425"]
[BlackElo "2475"]

1.e4 c5 2.Nf3 Nc6 3.d4 cxd4 4.Nxd4 Nf6 5.Nc3 d6 6.Bg5 e6 7.Qd2 a6 8.O-O-O Bd7
9.f4 b5 10.Bxf6 gxf6 11.Nxc6 Bxc6 12.Bd3 b4 13.Ne2 Qb6  1/2-1/2

[Event "New York op"]
[Site "New York"]
[Date "1998.??.??"]
[Round "6"]
[White "Sutovskij, Emil"]
[Black "Gershon, Alik"]
[Result "1-0"]
[WhiteElo "2595"]
[BlackElo "2425"]

1.e4 c5 2.Nf3 d6 3.d4 Nf6 4.Nc3 cxd4 5.Nxd4 Nc6 6.Bg5 e6 7.Qd2 a6 8.O-O-O h6
9.Nxc6 bxc6 10.Bf4 d5 11.Qe3 Bb4 12.Be2 Bxc3 13.Qxc3 Nxe4 14.Qxg7 Qf6 15.Qxf6 Nxf6
16.Be5 Ke7 17.g4 Rg8 18.Rhg1 a5 19.Bf4 Ne4 20.Rdf1 Ng5 21.Be3 Ba6 22.Bxa6 Rxa6
23.f4 Ne4 24.f5 Rh8 25.Bd4 Rh7 26.Rf3 c5 27.Be5 f6 28.Rb3 Kf8 29.Rb8+ Kg7
30.Rb7+ Kg8 31.Rb8+ Kg7 32.Bc3 e5 33.h4 d4 34.Bd2 Ra7 35.Rc8 a4 36.Re1 Nf2
37.Rg1 Ne4 38.Kd1 Rh8 39.Rxh8 Kxh8 40.Bxh6 Rh7 41.g5 Nd6 42.Bf8 Nxf5 43.gxf6 Rf7
44.Bxc5 Rxf6 45.Rg5 Ne3+ 46.Ke2 Rf5 47.Rxf5 Nxf5 48.b4 axb3 49.cxb3 Nxh4
50.a4 Ng6 51.a5 Nf4+ 52.Kd2 Ne6 53.Bb6 e4 54.a6 e3+ 55.Kc2  1-0

[Event "RUS-ch sf"]
[Site "Novosibirsk"]
[Date "1998.??.??"]
[Round "?"]
[White "Isanbaev, Ramil"]
[Black "Lopushnoy, Denis"]
[Result "0-1"]
[WhiteElo "2320"]
[BlackElo "2390"]

1.e4 c5 2.Nf3 Nc6 3.d4 cxd4 4.Nxd4 Nf6 5.Nc3 d6 6.Bg5 e6 7.Qd2 a6 8.O-O-O h6
9.Be3 Be7 10.f3 Nxd4 11.Bxd4 b5 12.Qf2 Qc7 13.Kb1 Rb8 14.g4 b4 15.Ne2 e5
16.Ba7 Rb7 17.Be3 Be6 18.Nc1 d5 19.Bxa6 d4 20.Bxd4 exd4 21.Bxb7 Qxb7 22.Rxd4 O-O
23.Qe2 Bc5 24.Rd2 Qa7 25.Rhd1 Nd7 26.f4 Be3 27.f5 Bxa2+ 28.Nxa2 Ra8 29.Qc4 Bxd2
30.Rxd2 Qg1+ 31.Nc1 Ra1+ 32.Kxa1 Qxc1+ 33.Ka2 Qxd2 34.Kb3 Ne5 35.Qxb4 Qxh2
36.Qe7 Qf4  0-1

[Event "Nyirsegi Torna op"]
[Site "Nyirsegi Torna"]
[Date "1998.??.??"]
[Round "2"]
[White "Valko, Krisztian"]
[Black "Tengely, Szabolcs"]
[Result "1/2-1/2"]
[WhiteElo "2020"]
[BlackElo "2190"]

1.e4 c5 2.Nf3 d6 3.d4 cxd4 4.Nxd4 Nf6 5.Nc3 Nc6 6.Bg5 Bd7 7.Qd2 a6 8.O-O-O b5
9.Nxc6 Bxc6 10.Bxf6 gxf6 11.Bd3 e6 12.Kb1 Qb6 13.f4 b4 14.Ne2 Rg8 15.Rhg1 a5
16.f5 O-O-O 17.fxe6 fxe6 18.Nd4 Bd7 19.Bc4 Re8 20.c3 Rg5 21.cxb4 axb4 22.Bb3 Rc5
23.Rgf1 Qb7 24.Rde1 Re5 25.Rxf6 Kb8 26.Nc2 d5 27.exd5 Rxe1+ 28.Nxe1 exd5
29.Qf4+ Ka7 30.Qd4+ Kb8 31.Qf4+ Ka7 32.Qd4+ Kb8 33.Rb6 Rxe1+ 34.Kc2 Re2+
35.Kd1 Re8 36.Rxb7+ Kxb7 37.Bxd5+ Kc7 38.Qc4+ Kb6 39.Qd4+ Kc7 40.Qc4+ Kb6
41.Bf3 Bb5 42.Qd4+ Bc5 43.Qf6+ Ka5 44.Bc6 Be2+ 45.Kd2 Re7 46.Qxe7 Bxe7 47.Kxe2 Bf6
48.b3 Kb6 49.Be4 h6 50.Kf3 Kc5 51.Kg4 Kd6 52.Kf5 Ke7 53.Kg6 Bg5 54.g4 Kf8
55.Bd5 Ke7 56.Bc4 Kf8 57.h4 Bxh4 58.Kxh6 Bf6 59.Kg6 Bc3 60.g5 Bd2 61.Kf6 Bc3+
62.Ke6 Kg7 63.Bd3 Bd2 64.g6 Bc1 65.Kf5 Bb2 66.Ke6 Bc1 67.Kd5 Ba3 68.Ke6  1/2-1/2

[Event "GER-ch U17"]
[Site "Oberhof"]
[Date "1998.??.??"]
[Round "?"]
[White "Haensel, Thomas"]
[Black "Schneider, Henning"]
[Result "1-0"]
[WhiteElo "2090"]
[BlackElo "2220"]

1.Nc3 c5 2.Nf3 Nc6 3.d4 cxd4 4.Nxd4 Nf6 5.e4 d6 6.Bg5 e6 7.Qd2 a6 8.O-O-O h6
9.Be3 Qc7 10.f4 Bd7 11.h3 b5 12.a3 Na5 13.e5 dxe5 14.fxe5 Qxe5 15.Bf4 Qc5
16.b4 Qc8 17.bxa5 Bxa3+ 18.Kb1 Bb4 19.Nde2 Nd5 20.Kb2 Bxa5 21.Qd4 O-O 22.Nxd5 exd5
23.Ng3 Be6 24.Bd3 Qd7 25.Nh5 f6 26.Ra1 Bd8 27.Rhe1 g5 28.Bd2 Qf7 29.g4 a5
30.Rf1 b4 31.Rf3 Rb8 32.Raf1 Bb6 33.Nxf6+ Qxf6 34.Qxf6 Rxf6 35.Rxf6 Bd4+
36.Kb3 Bxf6 37.Rxf6 Bf7 38.Bg6 Kg7 39.Rxf7+ Kxg6 40.Rd7 Rc8 41.Rd6+ Kh7 42.Rxd5 a4+
43.Kxa4 Rxc2 44.Kxb4 Rc7 45.Rd6 Re7 46.Kc4 Re2 47.Rd7+ Kg6 48.Bc3 h5 49.Rd6+ Kh7
50.Rd8 hxg4 51.hxg4 Re4+ 52.Rd4 Re2 53.Kd5 Kg6 54.Re4 Rg2 55.Ke6 Rg1 56.Be5 Rb1
57.Bd6 Rb2 58.Ke7 Rg2 59.Kf8 Rf2+ 60.Ke8 Rg2 61.Bf8 Kf6 62.Be7+ Kg6 63.Kf8 Ra2
64.Re6+ Kh7 65.Bxg5 Ra8+ 66.Kf7 Ra7+ 67.Be7 Ra2 68.g5 Rf2+ 69.Rf6 Rxf6+ 70.gxf6  1-0

[Event "RUS-Cup"]
[Site "Omsk/Perm"]
[Date "1998.??.??"]
[Round "4"]
[White "Shinkevich, Vitaly"]
[Black "Sherbakov, Ruslan"]
[Result "1-0"]
[WhiteElo "2395"]
[BlackElo "2555"]

1.e4 c5 2.Nf3 Nc6 3.d4 cxd4 4.Nxd4 Nf6 5.Nc3 d6 6.Bg5 a6 7.Qd2 Qb6 8.Nb3 e6
9.Bd3 Qc7 10.O-O Be7 11.a4 b6 12.Rae1 Bb7 13.f4 h6 14.Bxf6 Bxf6 15.Nd1 Nb8
16.Ne3 Nd7 17.c3 O-O 18.Bc2 Rad8 19.Kh1 Bh4 20.Re2 Nc5 21.Nxc5 dxc5 22.Qc1 Bc6
23.Ng4 b5 24.Rf3 Be7 25.Rg3 Kh8 26.Rh3 Kg8 27.e5 f5 28.exf6 Bxf6 29.Qe3 Rd6
30.Qg3 Bg5 31.Nxh6+ gxh6 32.Rxh6 Qg7 33.Rg6 Rd1+ 34.Re1 Qxg6 35.Bxg6 Bxf4
36.Bf7+ Kxf7 37.Qxf4+ Ke8 38.Qxf8+  1-0

[Event "RUS-Cup"]
[Site "Omsk/Perm"]
[Date "1998.??.??"]
[Round "7"]
[White "Pridorozhni, Aleksei"]
[Black "Pres, Grigorii"]
[Result "1/2-1/2"]
[WhiteElo "2275"]
[BlackElo "2315"]

1.e4 c5 2.Nf3 d6 3.d4 cxd4 4.Nxd4 Nf6 5.Nc3 Nc6 6.Bg5 Qb6 7.Bxf6 gxf6 8.Nb3 e6
9.Qd2 a6 10.O-O-O Bd7 11.f4 O-O-O 12.Kb1 Be7 13.Be2 h5 14.h4 Kb8 15.Bf3 Na5
16.Qe2 Nxb3 17.axb3 Qc5 18.f5 Rc8 19.Bxh5 Rhf8 20.Bf3 Qe5 21.h5 Rh8 22.Qf2 Bf8
23.Rhe1 Bh6 24.fxe6 fxe6 25.Ne2 Bb5 26.Nd4 Bf4 27.Nxb5 axb5 28.Rh1 Rc6 29.b4 Rc4
30.c3 Bh6 31.Kc2 Rhc8 32.Ra1 Rxc3+ 33.Kb1 R3c4 34.Rd1 R8c6 35.Ra3 b6 36.Rb3 Kc7
37.Qe2 Kd7 38.Qd3 Ke7 39.Be2 Rc7 40.Bf3 Ra7 41.Rc3 Rac7 42.Rb3 Rc8 43.Qe2 Ra8
44.Qf2 Rc6 45.Ra3 Ra4 46.Rb3 d5 47.Rbd3 Qc7 48.Qe1 Qa7 49.Ra3 Rxa3 50.bxa3 Qxa3
51.exd5 Qb3+ 52.Ka1 Rd6 53.Qe4 Qc3+ 54.Ka2 f5 55.Qh4+ Ke8 56.Qd4 Qxd4 57.Rxd4 e5
58.Rd1 e4 59.Be2 Ke7 60.Bxb5 Kf6 61.Kb3 Ke5 62.Kc4 Bf8 63.Be8 Rd8 64.Bg6 Rc8+
65.Kb5 Rc2 66.g3 e3 67.Re1 e2 68.g4 Rb2 69.Bxf5 Bxb4 70.Rxe2+ Rxe2 71.Kxb4 Kxd5  1/2-1/2

[Event "Wch U14"]
[Site "Oropesa del Mar"]
[Date "1998.??.??"]
[Round "2"]
[White "Efimenko, Zahar"]
[Black "Werle, Jan"]
[Result "1-0"]
[WhiteElo "2330"]
[BlackElo "2190"]

1.e4 c5 2.Nf3 d6 3.d4 cxd4 4.Nxd4 Nf6 5.Nc3 Nc6 6.Bg5 e6 7.Qd2 a6 8.O-O-O h6
9.Be3 Be7 10.f4 Nxd4 11.Bxd4 b5 12.Bd3 b4 13.Ne2 Qa5 14.Kb1 e5 15.Bg1 O-O
16.h3 Rd8 17.Qe3 Be6 18.Nc1 exf4 19.Qxf4 Nd7 20.Bd4 Ne5 21.h4 Bf6 22.Be2 Ng6
23.Qf2 Bxd4 24.Qxd4 Ne5 25.Nb3 Bxb3 26.axb3 Nc6 27.Qd5 Qxd5 28.Rxd5 Kf8 29.c3 Ke7
30.Kc2 Rab8 31.Rhd1 bxc3 32.bxc3 Rb6 33.b4 a5 34.Rb5 Rdb8 35.Rxb6 Rxb6 36.b5 Nd8
37.c4 f6 38.Ra1 Nb7 39.Kc3 Ke6 40.Kd4 Nc5 41.Bg4+ Ke7 42.Bd1 Nb7 43.h5 Kd8
44.Kd5 Ke7 45.Ra3 Ke8 46.Bg4 Kd8 47.Bf5 Kc7 48.Ke6 d5+ 49.Kf7 dxc4 50.Kxg7 Rxb5
51.Kxh6 Rb3 52.Ra2 Rg3 53.Bg6 Nd6 54.Kg7 Nxe4 55.h6 Ng5 56.Rxa5 c3 57.Rxg5 c2
58.Rc5+  1-0

[Event "Wch U14"]
[Site "Oropesa del Mar"]
[Date "1998.??.??"]
[Round "8"]
[White "Kinsiz, Onur"]
[Black "Werle, Jan"]
[Result "0-1"]
[WhiteElo "2500"]
[BlackElo "2190"]

1.e4 c5 2.Nf3 d6 3.d4 cxd4 4.Nxd4 Nf6 5.Nc3 Nc6 6.Bg5 e6 7.Qd2 a6 8.O-O-O h6
9.Be3 Be7 10.f3 Nxd4 11.Bxd4 b5 12.Qe3 O-O 13.Kb1 Bd7 14.g4 b4 15.Ne2 e5
16.Bb6 Qb8 17.Ng3 Be6 18.Nf5 Bxf5 19.gxf5 d5 20.Rg1 Kh8 21.Rxd5 Nxd5 22.exd5 Qd6
23.Bc4 Rfc8 24.b3 Rcb8 25.Ba5 Bg5 26.Qf2 Bf6 27.c3 e4 28.f4 Bxc3 29.Qe3 Bf6
30.Rc1 Rb7 31.Re1 Rc8 32.h3 Rc5 33.Bxa6 Rb8  0-1